000 00662nam a2200133Ia 4500
008 220620s9999||||xx |||||||||||||| ||und||
022 _a16648714
100 _aAvital Schurr||Evelyne Gozal
245 0 _aGlycolysis at 75: Is it time to tweak the first elucidated metabolic pathway in history?
546 _aEnglish[eng]
650 _aTraumatic Brain Injury||monocarboxylate tansporters||signaling||Energy Metabolism||Lactate||Glycolysis||lactate receptor||Lactate dehydrogenase||pyruvate||Cancer
856 _uhttp://journal.frontiersin.org/researchtopic/2499/glycolysis-at-75-is-it-time-to-tweak-the-first-elucidated-metabolic-pathway-in-history
942 _cEB
999 _c29124
_d29124